Aprendizaje, competencias y TIC (Record no. 12072)

MARC details
000 -CABECERA
campo de control de longitud fija 00798nam a2200253 4500
003 - IDENTIFICADOR DEL NÚMERO DE CONTROL
campo de control OSt
005 - FECHA Y HORA DE LA ÚLTIMA TRANSACCIÓN
campo de control 20260530113909.0
008 - DATOS DE LONGITUD FIJA--INFORMACIÓN GENERAL
campo de control de longitud fija 260508b2013 mx ||||| |||| 00| 0 spa d
020 ## - NÚMERO INTERNACIONAL ESTÁNDAR DEL LIBRO
Número Internacional Estándar del Libro 9786073214889
040 ## - FUENTE DE LA CATALOGACIÓN
Centro catalogador/agencia de origen ICI
Lengua de catalogación SPA
Centro/agencia transcriptor ICI
041 ## - CÓDIGO DE LENGUA
Código de lengua del texto/banda sonora o título independiente SPA
050 ## - SIGNATURA TOPOGRÁFICA DE LA BIBLIOTECA DEL CONGRESO
Número de clasificación LC1031
Número de documento/Ítem L66 2017
100 1# - ENTRADA PRINCIPAL--NOMBRE DE PERSONA
Nombre de persona López Carrasco, Miguel Ángel,
Término indicativo de función/relación autor
9 (RLIN) 33192
245 10 - MENCIÓN DE TÍTULO
Título Aprendizaje, competencias y TIC
Mención de responsabilidad, etc. Miguel Ángel López Carrasco
250 ## - MENCIÓN DE EDICIÓN
Mención de edición Segunda edición
264 #1 - PRODUCCIÓN, PUBLICACIÓN, DISTRIBUCIÓN, FABRICACIÓN Y COPYRIGHT
Producción, publicación, distribución, fabricación y copyright México, D.F. :
Nombre del de productor, editor, distribuidor, fabricante Pearson Educación de México,
Fecha de producción, publicación, distribución, fabricación o copyright 2017
300 ## - DESCRIPCIÓN FÍSICA
Extensión 306 páginas :
Otras características físicas ilustraciones
336 ## - TIPO DE CONTENIDO
Término de tipo de contenido texto
Fuente rdacontent
337 ## - TIPO DE MEDIO
Nombre/término del tipo de medio sin medio
Fuente rdamedia
338 ## - TIPO DE SOPORTE
Nombre/término del tipo de soporte volumen
Fuente rdacarrier
650 4# - PUNTO DE ACCESO ADICIONAL DE MATERIA--TÉRMINO DE MATERIA
Término de materia o nombre geográfico como elemento de entrada Educación basada en competencias
9 (RLIN) 33193
650 4# - PUNTO DE ACCESO ADICIONAL DE MATERIA--TÉRMINO DE MATERIA
Término de materia o nombre geográfico como elemento de entrada Innovaciones educativas
9 (RLIN) 33194
942 ## - ELEMENTOS DE PUNTO DE ACCESO ADICIONAL (KOHA)
Fuente del sistema de clasificación o colocación Library of Congress Classification
Tipo de ítem Koha
Suprimir en OPAC 1

No items available.